000 00629nam a2200145Ia 4500
005 20260209120146.0
008 260209s9999||||xx |||||||||||||| ||und||
100 _aVarsha Singh
245 0 _aState surveillance and data protection in India : a study on Pegasus and criminal law developments
260 _aBangaloreBangalore
_bNLSIU, Bangalore
_c2022
300 _a45 p. ; 25 cm.
505 _aData Protection - India Information Technology Act Pegasus Personal data Protection
700 _aMs. Smitha Krishna Prasad - Supervisor Ms. Smitha Krishna Prasad - Supervisor
856 _uhttps://dans.nls.ac.in/handle/123456789/1165
999 _c217563
_d217563